J.W.A. Nicholson and Nathaniel Dowse Nicholson commissions and obituary, (Record no. 44817)
[ view plain ]
| 000 -LEADER | |
|---|---|
| fixed length control field | 01505cpcaa2200289 a 4500 |
| 001 - CONTROL NUMBER | |
| control field | mm2009085510 |
| 003 - CONTROL NUMBER IDENTIFIER | |
| control field | DLC |
| 005 - DATE AND TIME OF LATEST TRANSACTION | |
| control field | 20260227111731.0 |
| 008 - FIXED-LENGTH DATA ELEMENTS--GENERAL INFORMATION | |
| fixed length control field | 091211|||||||||||| eng |
| 010 ## - LIBRARY OF CONGRESS CONTROL NUMBER | |
| LC control number | mm2009085510 |
| 040 ## - CATALOGING SOURCE | |
| Original cataloging agency | DLC |
| Transcribing agency | DLC |
| Description conventions | dacs |
| Modifying agency | DLC |
| 072 #7 - SUBJECT CATEGORY CODE | |
| Subject category code | W |
| Source | lcmd |
| 245 00 - TITLE STATEMENT | |
| Title | J.W.A. Nicholson and Nathaniel Dowse Nicholson commissions and obituary, |
| Inclusive dates | 1808-1887. |
| 300 ## - PHYSICAL DESCRIPTION | |
| Extent | 3 |
| Type of unit | items. |
| 506 0# - RESTRICTIONS ON ACCESS NOTE | |
| Terms governing access | Open to research. |
| 520 8# - SUMMARY, ETC. | |
| Summary, etc. | Naval commission for Nathaniel Dowse Nicholson signed by Thomas Jefferson, 1808 January 1; Civil War naval commission for J.W.A. Nicholson signed by Abraham Lincoln, 1863 February 21; and obituary of J.W.A. Nicholson, New York Daily Graphic, 1887 November 1. |
| 545 0# - BIOGRAPHICAL OR HISTORICAL DATA | |
| Biographical or historical data | Naval officers. |
| 546 ## - LANGUAGE NOTE | |
| Language note | Collection material in English. |
| 600 10 - SUBJECT ADDED ENTRY--PERSONAL NAME | |
| Personal name | Jefferson, Thomas, |
| Dates associated with a name | 1743-1826. |
| 600 10 - SUBJECT ADDED ENTRY--PERSONAL NAME | |
| Personal name | Lincoln, Abraham, |
| Dates associated with a name | 1809-1865. |
| 610 10 - SUBJECT ADDED ENTRY--CORPORATE NAME | |
| Corporate name or jurisdiction name as entry element | United States. |
| Subordinate unit | Navy. |
| 656 #7 - INDEX TERM--OCCUPATION | |
| Occupation | Naval officers. |
| Source of term | itoamc |
| 700 1# - ADDED ENTRY--PERSONAL NAME | |
| Personal name | Nicholson, J. W. A. |
| Fuller form of name | (James William Augustus), |
| Dates associated with a name | 1821-1887. |
| Title of a work | J.W.A. Nicholson and Nathaniel Dowse Nicholson commissions and obituary. |
| Date of a work | 1808-1887. |
| 700 1# - ADDED ENTRY--PERSONAL NAME | |
| Personal name | Nicholson, Nathaniel Dowse, |
| Dates associated with a name | 1790-1811. |
| Title of a work | J.W.A. Nicholson and Nathaniel Dowse Nicholson commissions and obituary. |
| Date of a work | 1808-1887. |
No items available.